<?xml version="1.0" encoding="UTF-8"?>
<collection xmlns="http://www.loc.gov/MARC21/slim">
 <record>
  <leader>01255nam a2200205 a 4500</leader>
  <controlfield tag="001">1/49109</controlfield>
  <controlfield tag="008">191008s20      gr            00010 gre  </controlfield>
  <datafield tag="035" ind1=" " ind2=" ">
   <subfield code="l">52109</subfield>
  </datafield>
  <datafield tag="040" ind1=" " ind2=" ">
   <subfield code="a">GR-PeUP</subfield>
  </datafield>
  <datafield tag="082" ind1="0" ind2="0">
   <subfield code="a">327.109 43 WIN ΜΤΦ</subfield>
  </datafield>
  <datafield tag="100" ind1="1" ind2=" ">
   <subfield code="a">Winkler, Heinrich August.</subfield>
  </datafield>
  <datafield tag="245" ind1="1" ind2="0">
   <subfield code="a">Συνέχεια στην αλλαγή :</subfield>
   <subfield code="b">όψεις της γερμανικής εξωτερικής πολιτικής μετά την ενοποίηση /</subfield>
   <subfield code="c">Heinrich August Winkler ; μετάφραση Παναγιώτα Παπαευαγγέλου.</subfield>
  </datafield>
  <datafield tag="260" ind1="0" ind2=" ">
   <subfield code="a">[Αθήνα] :</subfield>
   <subfield code="b">Πανεπιστήμιο Αθηνών,</subfield>
   <subfield code="c">[20--?].</subfield>
  </datafield>
  <datafield tag="300" ind1=" " ind2=" ">
   <subfield code="a">22 σ. ;</subfield>
   <subfield code="c">21 εκ.</subfield>
  </datafield>
  <datafield tag="651" ind1=" " ind2="4">
   <subfield code="a">Γερμανία</subfield>
   <subfield code="x">Εξωτερική πολιτική</subfield>
   <subfield code="y">1990-</subfield>
  </datafield>
  <datafield tag="651" ind1=" " ind2="4">
   <subfield code="a">Γερμανία</subfield>
   <subfield code="x">Εξωτερική πολιτική.</subfield>
  </datafield>
  <datafield tag="651" ind1=" " ind2="4">
   <subfield code="a">Γερμανία</subfield>
   <subfield code="x">Διπλωματικές σχέσεις</subfield>
   <subfield code="y">1990-</subfield>
  </datafield>
  <datafield tag="700" ind1="1" ind2=" ">
   <subfield code="a">Παπαευαγγέλου, Παναγιώτα.</subfield>
  </datafield>
  <datafield tag="710" ind1="2" ind2=" ">
   <subfield code="a">Εθνικό και Καποδιστριακό Πανεπιστήμιο Αθηνών. Εργαστήριο Μελέτης Ελληνογερμανικών Σχέσεων.</subfield>
  </datafield>
  <datafield tag="852" ind1=" " ind2=" ">
   <subfield code="a">INST</subfield>
   <subfield code="b">UNIPILB</subfield>
   <subfield code="c">MAIN</subfield>
   <subfield code="e">20191008</subfield>
   <subfield code="h">327.109 43 WIN ΜΤΦ</subfield>
   <subfield code="p">00181857</subfield>
   <subfield code="q">00181857</subfield>
   <subfield code="t">LOAN</subfield>
   <subfield code="y">0</subfield>
   <subfield code="4">1</subfield>
  </datafield>
 </record>
</collection>
